000 00333nam a2200133Ia 4500
003 PILC
008 220421s2000 xx 000 0 und d
040 _cEARIST LIBRARY
100 _aRavina, Maria Clara Valera et.al
_9405
245 0 _aEnglish in Action /
260 _aManila,
_bRex :
_c2000.
999 _c1720
_d1720
942 _2ddc
_cBK